ANÁLISIS DE CONTAGIOS CONFIRMADOS DE COVID-19 PROVENIENTE DE INFORMACIÓN PÚBLICA UTILIZANDO CIENCIA DE DATOS Y TÉCNICAS DE SUAVIZADO EXPONENCIAL/ (Registro nro. 2217)
[ vista simple ]
| 000 -LEADER | |
|---|---|
| campo de control de longitud fija | 03249nam a22003257a 4500 |
| 001 - NÚMERO DE CONTROL | |
| campo de control | TICS 008 |
| 003 - IDENTIFICADOR DE NÚMERO DE CONTROL | |
| campo de control | gtcocun |
| 005 - FECHA Y HORA DE LA ÚLTIMA TRANSACCIÓN | |
| campo de control | 20251003162604.0 |
| 006 - CÓDIGOS DE INFORMACIÓN DE LONGITUD FIJA--CARACTERÍSTICAS DEL MATERIAL ADICIONAL | |
| campo de control de longitud fija | a||||gr|||| 00| 0 |
| 007 - CAMPO FIJO DE DESCRIPCIÓN FÍSICA--INFORMACIÓN GENERAL | |
| campo de control de longitud fija | ta |
| 008 - DATOS DE LONGITUD FIJA--INFORMACIÓN GENERAL | |
| campo de control de longitud fija | 251003b2024 gt ||||| m||| 00| 0 eng d |
| 040 ## - FUENTE DE CATALOGACIÓN | |
| Centro catalogador/agencia de origen | gtcocun |
| Lengua de catalogación | SPA |
| Centro/agencia transcriptor | gtcocun |
| Normas de descripción | RDA |
| 041 ## - CÓDIGO DE IDIOMA | |
| Código de lengua del texto/banda sonora o título independiente | SPA TICS 008 |
| 084 ## - OTRO NÚMERO DE CLASIFICACIÓN | |
| Número de control del registro de autoridad o número normalizado | TICS 008 |
| 100 ## - ENTRADA PRINCIPAL--NOMBRE DE PERSONA | |
| Nombre de persona | Emanuel Marlon Fabricio Amperez Tahuico |
| Término indicativo de función/relación | Autor |
| 245 ## - MENCIÓN DEL TÍTULO | |
| Título | ANÁLISIS DE CONTAGIOS CONFIRMADOS DE COVID-19 PROVENIENTE DE INFORMACIÓN PÚBLICA UTILIZANDO CIENCIA DE DATOS Y TÉCNICAS DE SUAVIZADO EXPONENCIAL/ |
| Mención de responsabilidad, etc. | Emanuel Marlon Fabricio Amperez Tahuico. |
| Medio | Impreso |
| 264 ## - PRODUCCIÓN, PUBLICACIÓN, DISTRIBUCIÓN, FABRICACIÓN Y COPYRIGHT | |
| Producción, publicación, distribución, fabricación y copyright | Cobán, Alta Verapaz: |
| Nombre del de productor, editor, distribuidor, fabricante | Universidad de San Carlos de Guatemala, Centro Universitario del Norte, Carrera Ingeniería en Ciencias y Sistemas |
| Fecha de producción, publicación, distribución, fabricación o copyright | 2024 |
| 300 ## - DESCRIPCIÓN FÍSICA | |
| Extensión | 110 p.: |
| Otras características físicas | Ilustraciones, gráficas. |
| Dimensiones | 28 cm; |
| 336 ## - TIPO DE CONTENIDO | |
| Fuente | rdacontenido |
| Término de tipo de contenido | Texto |
| Código de tipo de contenido | txt |
| 337 ## - TIPO DE MEDIO | |
| Fuente | rdamedio |
| Nombre/término del tipo de medio | Computadora |
| Código del tipo de medio | n |
| 338 ## - TIPO DE SOPORTE | |
| Fuente | rdasoporte |
| Nombre/término del tipo de soporte | Código en línea |
| Código del tipo de soporte | cr |
| 502 ## - NOTA DE TESIS | |
| identificador de la tesis | TICS 008 |
| 502 ## - NOTA DE TESIS | |
| Nota de tesis | Tesis de grado |
| Tipo de título | Carrera Ingeniería en Ciencias y Sistemas |
| Nombre de la institución que otorga el título | Universidad de San Carlos de Guatemala, Centro Universitario del Norte, Carrera Ingeniería en Ciencias y Sistemas |
| Año de obtención del título | 2024 |
| Identificador de la tesis | TICS 008 |
| 520 14 - RESUMEN, ETC. | |
| Sumario, etc. | Con el auge de la pandemia de COVID-19 en Guatemala, se recopiló una gran cantidad de<br/>datos sobre los casos de esta enfermedad, los cuales se presentan y están disponibles a<br/>través del tablero COVID-19 Guatemala, lo que permite ofrecer información pública que<br/>puede procesarse y analizarse para estudiar la evolución y el comportamiento de la<br/>enfermedad en el país.<br/><br/>Aplicando ciencia de datos, se llevó a cabo un análisis de los casos de COVID-19<br/>proporcionados por el Ministerio de Salud Pública y Asistencia Social (MSPAS). Los datos<br/>fueron recopilados, preparados y limpiados para su análisis, posteriormente, se crearon y<br/>entrenaron dos modelos de suavizado exponencial, Holt y Holt-Winters; estos modelos se<br/>utilizaron para predecir los contagios confirmados diarios y acumulados para los próximos<br/>30 días en cada intervalo de tiempo establecido.<br/><br/>Al finalizar el caso de estudio, se determinó que de los dos modelos creados y propuestos,<br/>ambos lograron realizar predicciones efectivas en los casos confirmados acumulados; sin<br/>embargo, con base en los resultados de las medidas de error y la incertidumbre explicada,<br/>el modelo Holt-Winters mostró un mejor desempeño en la predicción de los contagios,<br/>tanto en los casos confirmados diarios como en los casos acumulados, esto demostró que<br/>el suavizado exponencial es una herramienta útil, junto con la ciencia de datos, para<br/>predecir la tendencia de enfermedades infecciosas o conjunto de datos que cumpla con la<br/>característica de una serie de tiempo, permitiendo a las organizaciones actuar de manera<br/>anticipada ante situaciones futuras. |
| 650 ## - PUNTO DE ACCESO ADICIONAL DE MATERIA--TÉRMINO DE MATERIA | |
| Fuente del encabezamiento o término | LEMB |
| Término de materia o nombre geográfico como elemento de entrada | Cobán, Alta Verapaz |
| Subdivisión general | Ingeniería en Ciencias y Sistemas |
| -- | Predicción |
| -- | Pandemia |
| -- | Modelo |
| -- | Contagios |
| -- | Análisis |
| 700 ## - ENTRADA AGREGADA--NOMBRE PERSONAL | |
| Nombre de persona | Ing. Luis Jacobo Rodas Morales |
| Término indicativo de función/relación | Asesor |
| 856 ## - LOCALIZACIÓN Y ACCESO ELECTRÓNICOS | |
| Identificador Uniforme de Recurso | <a href="https://drive.google.com/file/d/1KMBboFFBVLBs1RQ2UT2gNLtBn7fnZQab/view">https://drive.google.com/file/d/1KMBboFFBVLBs1RQ2UT2gNLtBn7fnZQab/view</a> |
| Texto de enlace | |
| Nota pública | Un ejemplar en línea. |
| 942 ## - ELEMENTOS DE ENTRADA SECUNDARIOS (KOHA) | |
| Fuente de la clasificación o esquema de estantería | Clasificación Decimal Dewey |
| Tipo de ítem Koha | TESIS |
| Parte de la signatura que identifica el ejemplar (Parte del ítem) | TICS 008 |
| Prefijo de la signatura | Clasificación |
| Suprimir en OPAC | No |
| -- | TICS_008_000000000000000 |
| Estatus retirado | Estado de pérdida | Fuente de la clasificación o esquema de estantería | Estado de daño | No para préstamo | Colección | Biblioteca de origen | Biblioteca actual | Ubicación en estantería | Fecha de adquisición | Número de inventario | Total de préstamos | Signatura topográfica completa | Código de barras | Visto por última vez | Precio de reemplazo | Tipo de ítem Koha |
|---|---|---|---|---|---|---|---|---|---|---|---|---|---|---|---|---|
| Clasificación Decimal Dewey | tesis | BIBLIOTECA- CUNOR -JOSÉ LUIS GONZALES ROSALES | BIBLIOTECA- CUNOR -JOSÉ LUIS GONZALES ROSALES | Colección tesis | 03/10/2025 | TICS 008 | TICS 008 | TICS 008 | 03/10/2025 | 03/10/2025 | TESIS |